书目信息 |
| 题名: |
房地产开发与管理
|
|
| 作者: | 张沈生 , 孔凡文 编著 | |
| 分册: | ||
| 出版信息: | 大连 大连理工大学出版社 2006.08 |
|
| 页数: | 249页 | |
| 开本: | 26cm | |
| 丛书名: | ||
| 单 册: | ||
| 中图分类: | F293.3 | |
| 科图分类: | ||
| 主题词: | 城市经济 | |
| 电子资源: | ||
| ISBN: | 7-5611-3101-1 | |
| 000 | 00673 nam 000229 | |
| 001 | 0100000437 | |
| 005 | 20070902151900.71 | |
| 010 | @a7-5611-3101-1@dCNY22.00 | |
| 100 | @a20070717d2006 em y0chiy0121 ea | |
| 101 | @achi | |
| 102 | @aCN@b110000 | |
| 105 | @ay z 000yy | |
| 200 | 10 | @a房地产开发与管理@9fang de chan kai fa yu guan li@f孔凡文,张沈生编著@Fkong fan wen , zhang shen shen bian zhu |
| 210 | @a大连@c大连理工大学出版社@d2006.08 | |
| 215 | @a249页@d26cm | |
| 606 | @a城市经济 | |
| 690 | @aF293.3@v4 | |
| 701 | 1 | @a张沈生@9zhang shen shen@4编著 |
| 701 | 0 | @a孔凡文@9kong fan wen@4编著 |
| 801 | @aCN@c20070902 | |
| 901 | @a000002 | |
| 905 | @dF293.3@eK747 | |
| 房地产开发与管理/孔凡文,张沈生编著.-大连:大连理工大学出版社,2006.08 |
| 249页;26cm |
| ISBN 7-5611-3101-1:CNY22.00 |
| ● |
| 相关链接 |
|
|
|
正题名:房地产开发与管理
索取号:F293.3/K747
 
预约/预借
| 序号 | 登录号 | 条形码 | 馆藏地/架位号 | 状态 | 备注 |
| 1 | 642852 | 206428524 | 社科二线422/409社科库 105排2列1层/ [索取号:F293.3/K747] | 在馆 | |
| 2 | 642853 | 206428533 | 社科库409/409社科库 107排2列6层/ [索取号:F293.3/K747] | 在馆 | |
| 3 | 642854 | 206428542 | 社科库409/409社科库 107排2列6层/ [索取号:F293.3/K747] | 在馆 |